1199 1378 1318 1549 1719 1878 1593 1933 1785 1859 1372 1751 1389 1985 1970 1523 1170 1956 1266 1185 1008 1851 1836 1533 1618 1379 1343 1894 2000 1573 1876 1137 1997 1534 1597 1248 1781 1206 1882 1238 1131 1489 1747 1207 1261 1715 1877 1182 1945 1135 1434 1147 1482 1833 1093 1863 1687 1699 1735 1180 1688 1132 1748 1438 1030 1234 1958 1680 1736 1804 1583 1053 1019 1704 1659 1751 1780 1912 1198 1220 1923 1693 1837 1320 1886 1401 1791 1740 1206 1564 1328 1213 1198 1636 1474 1625 1312 1277 1691 BCNSPRNW ULIB Ver.6.0+V

เปลี่ยนเป็นภาษาไทย

Change to English
 แสดงรายละเอียดบรรณานุกรม
  กลับหน้าหลัก

Brief Record : Get Marc (ISO 2709) : E-mail record : QR code < ปิดหน้าต่าง
LEADER : 00000nam 2200000uu 4500
001    13399111161
003     ULIB
008    110617s2548||||th 000 0 tha d
020    9748317897
020    9789748317892
050  4 BF698^bศ272ท 2548
100 0  ศรีเรือน แก้วกังวาล
245 10 ทฤษฎีจิตวิทยาบุคลิกภาพ :^bรู้เรา รู้เขา /^cศรีเรือน แก้วกังวาล
246 30 รู้เรา รู้เขา
250    พิมพ์ครั้งที่ 12
260    กรุงเทพฯ :^bหมอชาวบ้าน,^c2548
300    411 (7) หน้า ;^c21 ซม.
504    มีบรรณานุกรมและดัชนี
650  7 การดำเนินชีวิต
650  7 การปรับตัว (จิตวิทยา)
650  7 จิตวิทยา
650  7 บุคลิกภาพ
945    ^p245^l0^i030213
945    ^p245^l0^i030212
945    ^p245^l0^i030210
945    ^p245^l0^i030209
945    ^p245^l0^i030208
945    ^p245^l0^i023686
945    ^p245^l0^i023685
945    ^p245^l0^i030211
945    ^p245^l0^i016871
995    ทศพร
999 ^a ใช้งานได้ทุกระบบ
รายการนี้ยังไม่มีแท็ก
คุณยังไม่ได้ล็อกอิน คุณสามารถมีกิจกรรมร่วมกับเว็บไซต์ได้ แต่ต้องล็อกอินก่อน ::
  ล็อกอิน

รายการสื่อสารสนเทศ

ลำดับที่ ประเภท เลขเรียก/บาร์โค้ด สถานที่ สถานะ
- ไม่พบข้อมูล -

รายการใกล้เคียง
    ผู้แต่ง [ศรีเรือน แก้วกังวาล]

    หัวเรื่อง [การดำเนินชีวิต]
    หัวเรื่อง [การปรับตัว (จิตวิทยา)]
    หัวเรื่อง [จิตวิทยา]
    หัวเรื่อง [บุคลิกภาพ]

BibComment


ยังไม่เคยถูกคอมเมนท์

คอมเมนท์ทรัพยากรรายการนี้
  คอมเมนท์: ทฤษฎีจิตวิทยาบุคล..


 Copyright 2026. Bcnsprnw @Library